[Event "Irena Warakomska Memorial B"]
[Site "chessmanager.com"]
[Date "2018.08.04"]
[Round "5"]
[White "Zielinski, Konrad"]
[Black "Milchenko, Valerii"]
[Result "1-0"]
[Board "29"]
[WhiteElo "1646"]
[WhiteCountry "POL"]
[WhiteFideId "1164945"]
[WhiteEloChange "15"]
[BlackElo "1825"]
[BlackCountry "RUS"]
[BlackFideId "34174491"]
[BlackEloChange "-15"]

1. e4 {[%clk 1:30:30]} e5 {[%clk 1:30:30]} 2. Nf3 {[%clk 1:30:30]} Nc6 {[%clk
1:30:30]} 3. d4 {[%clk 1:30:30]} exd4 {[%clk 1:30:30]} 4. Bc4 {[%clk 1:30:30]}
Be7 {[%clk 1:30:30]} 5. c3 {[%clk 1:30:30]} d3 {[%clk 1:30:30]} 6. Qxd3 {[%clk
1:30:30]} d6 {[%clk 1:30:30]} 7. O-O {[%clk 1:30:30]} Nf6 {[%clk 1:30:30]} 8. Bf4
{[%clk 1:30:30]} O-O {[%clk 1:30:30]} 9. Nbd2 {[%clk 1:30:30]} Bg4 {[%clk
1:30:30]} 10. h3 {[%clk 1:30:30]} Bh5 {[%clk 1:30:30]} 11. Nb3 {[%clk 1:30:30]}
Bg6 {[%clk 1:30:30]} 12. Rfe1 {[%clk 1:30:30]} Nd7 {[%clk 1:30:30]} 13. Bd5
{[%clk 1:30:30]} Nde5 {[%clk 1:30:30]} 14. Qe3 {[%clk 1:30:30]} Bf6 {[%clk
1:30:30]} 15. Nxe5 {[%clk 1:30:30]} dxe5 {[%clk 1:30:30]} 16. Bg3 {[%clk
1:30:30]} Bg5 {[%clk 1:30:30]} 17. Qc5 {[%clk 1:30:30]} Bf4 {[%clk 1:30:30]} 18.
Bxf4 {[%clk 1:30:30]} exf4 {[%clk 1:30:30]} 19. Bxc6 {[%clk 1:30:30]} bxc6 {[%clk
1:30:30]} 20. Nd4 {[%clk 1:30:30]} Qh4 {[%clk 1:30:30]} 21. Qxc6 {[%clk 1:30:30]}
Rab8 {[%clk 1:30:30]} 22. b3 {[%clk 1:30:30]} Rb6 {[%clk 1:30:30]} 23. Qxc7
{[%clk 1:30:30]} Bh5 {[%clk 1:30:30]} 24. Nf5 {[%clk 1:30:30]} Qg5 {[%clk
1:30:30]} 25. Qe7 {[%clk 1:30:30]} Rf6 {[%clk 1:30:30]} 26. h4 {[%clk 1:30:30]}
Qg6 {[%clk 1:30:30]} 27. Qe5 {[%clk 1:30:30]} Qg4 {[%clk 1:30:30]} 28. Qxf6
{[%clk 1:30:30]} gxf6 {[%clk 1:30:30]} 29. Nh6+ {[%clk 1:30:30]} Kg7 {[%clk
1:30:30]} 30. Nxg4 {[%clk 1:30:30]} Bxg4 {[%clk 1:30:30]} 31. f3 {[%clk 1:30:30]}
Be6 {[%clk 1:30:30]} 32. Rad1 {[%clk 1:30:30]} Kh6 {[%clk 1:30:30]} 33. Kf2
{[%clk 1:30:30]} Kh5 {[%clk 1:30:30]} 34. Rd6 {[%clk 1:30:30]} Rc8 {[%clk
1:30:30]} 35. c4 {[%clk 1:30:30]} Rc7 {[%clk 1:30:30]} 36. Red1 {[%clk 1:30:30]}
h6 {[%clk 1:30:30]} 37. Rd8 {[%clk 1:30:30]} a5 {[%clk 1:30:30]} 38. R8d5+ {[%clk
1:30:30]} Bxd5 {[%clk 1:30:30]} 39. exd5 {[%clk 1:30:30]} a4 {[%clk 1:30:30]} 40.
d6 {[%clk 1:30:30]} Rd7 {[%clk 1:30:30]} 41. c5 {[%clk 1:30:30]} axb3 {[%clk
1:30:30]} 42. axb3 {[%clk 1:30:30]} Ra7 {[%clk 1:30:30]} 43. d7 {[%clk 1:30:30]}
Ra2+ {[%clk 1:30:30]} 44. Kf1 {[%clk 1:30:30]} 1-0

[Event "Irena Warakomska Memorial B"]
[Site "chessmanager.com"]
[Date "2018.08.04"]
[Round "5"]
[White "Wloch, Mikolaj"]
[Black "Sapinski, Sebastian"]
[Result "1-0"]
[Board "30"]
[WhiteElo "1738"]
[WhiteCountry "POL"]
[WhiteFideId "1194380"]
[WhiteEloChange "4"]
[BlackElo "1496"]
[BlackCountry "POL"]
[BlackFideId "21817340"]
[BlackEloChange "-4"]

1. e4 {[%clk 1:30:30]} e6 {[%clk 1:30:30]} 2. d4 {[%clk 1:30:30]} d5 {[%clk
1:30:30]} 3. exd5 {[%clk 1:30:30]} exd5 {[%clk 1:30:30]} 4. Bd3 {[%clk 1:30:30]}
Nc6 {[%clk 1:30:30]} 5. Nf3 {[%clk 1:30:30]} Bd6 {[%clk 1:30:30]} 6. c3 {[%clk
1:30:30]} Nge7 {[%clk 1:30:30]} 7. O-O {[%clk 1:30:30]} f6 {[%clk 1:30:30]} 8.
Nh4 {[%clk 1:30:30]} Be6 {[%clk 1:30:30]} 9. Re1 {[%clk 1:30:30]} Qd7 {[%clk
1:30:30]} 10. Qe2 {[%clk 1:30:30]} Kf7 {[%clk 1:30:30]} 11. Nd2 {[%clk 1:30:30]}
Rae8 {[%clk 1:30:30]} 12. Nf1 {[%clk 1:30:30]} Nf5 {[%clk 1:30:30]} 13. Nf3
{[%clk 1:30:30]} h5 {[%clk 1:30:30]} 14. Qc2 {[%clk 1:30:30]} Nce7 {[%clk
1:30:30]} 15. Bd2 {[%clk 1:30:30]} Nh6 {[%clk 1:30:30]} 16. Ne3 {[%clk 1:30:30]}
Ng4 {[%clk 1:30:30]} 17. h3 {[%clk 1:30:30]} Nxe3 {[%clk 1:30:30]} 18. Rxe3
{[%clk 1:30:30]} Bf4 {[%clk 1:30:30]} 19. Rxe6 {[%clk 1:30:30]} Bxd2 {[%clk
1:30:30]} 20. Rxe7+ {[%clk 1:30:30]} Rxe7 {[%clk 1:30:30]} 21. Qxd2 {[%clk
1:30:30]} Qd6 {[%clk 1:30:30]} 22. Nh4 {[%clk 1:30:30]} Rhe8 {[%clk 1:30:30]} 23.
Nf5 {[%clk 1:30:30]} Qe6 {[%clk 1:30:30]} 24. Nxe7 {[%clk 1:30:30]} Rxe7 {[%clk
1:30:30]} 25. Kf1 {[%clk 1:30:30]} Qb6 {[%clk 1:30:30]} 26. Re1 {[%clk 1:30:30]}
Rxe1+ {[%clk 1:30:30]} 27. Kxe1 {[%clk 1:30:30]} c5 {[%clk 1:30:30]} 28. dxc5
{[%clk 1:30:30]} Qxc5 {[%clk 1:30:30]} 29. Qe3 {[%clk 1:30:30]} Qa5 {[%clk
1:30:30]} 30. a3 {[%clk 1:30:30]} a6 {[%clk 1:30:30]} 31. Qf3 {[%clk 1:30:30]} g6
{[%clk 1:30:30]} 32. Qg3 {[%clk 1:30:30]} g5 {[%clk 1:30:30]} 33. Qf3 {[%clk
1:30:30]} h4 {[%clk 1:30:30]} 34. Qh5+ {[%clk 1:30:30]} Ke6 {[%clk 1:30:30]} 35.
Qe8+ {[%clk 1:30:30]} Kd6 {[%clk 1:30:30]} 36. Qf8+ {[%clk 1:30:30]} Ke6 {[%clk
1:30:30]} 37. Qc8+ {[%clk 1:30:30]} Kd6 {[%clk 1:30:30]} 38. Qxb7 {[%clk
1:30:30]} d4 {[%clk 1:30:30]} 39. Qxa6+ {[%clk 1:30:30]} 1-0

[Event "Irena Warakomska Memorial B"]
[Site "chessmanager.com"]
[Date "2018.08.04"]
[Round "5"]
[White "Rokita, Miroslaw"]
[Black "Huchwajda, Grzegorz"]
[Result "1-0"]
[Board "31"]
[WhiteElo "1691"]
[WhiteCountry "POL"]
[WhiteFideId "1180207"]
[WhiteEloChange "6"]
[BlackElo "1523"]
[BlackCountry "POL"]
[BlackFideId "21806357"]
[BlackEloChange "-6"]

1. d4 {[%clk 1:30:30]} d5 {[%clk 1:30:30]} 2. Bf4 {[%clk 1:30:30]} Nf6 {[%clk
1:30:30]} 3. e3 {[%clk 1:30:30]} c5 {[%clk 1:30:30]} 4. c3 {[%clk 1:30:30]} Nc6
{[%clk 1:30:30]} 5. Bd3 {[%clk 1:30:30]} Qb6 {[%clk 1:30:30]} 6. b3 {[%clk
1:30:30]} Bg4 {[%clk 1:30:30]} 7. Nf3 {[%clk 1:30:30]} Nh5 {[%clk 1:30:30]} 8.
Bg5 {[%clk 1:30:30]} h6 {[%clk 1:30:30]} 9. Bh4 {[%clk 1:30:30]} g5 {[%clk
1:30:30]} 10. h3 {[%clk 1:30:30]} gxh4 {[%clk 1:30:30]} 11. hxg4 {[%clk 1:30:30]}
Nf6 {[%clk 1:30:30]} 12. Rxh4 {[%clk 1:30:30]} Bg7 {[%clk 1:30:30]} 13. g5 {[%clk
1:30:30]} Ne4 {[%clk 1:30:30]} 14. gxh6 {[%clk 1:30:30]} Rxh6 {[%clk 1:30:30]}
15. Rxh6 {[%clk 1:30:30]} Bxh6 {[%clk 1:30:30]} 16. Bxe4 {[%clk 1:30:30]} dxe4
{[%clk 1:30:30]} 17. Nfd2 {[%clk 1:30:30]} cxd4 {[%clk 1:30:30]} 18. cxd4 {[%clk
1:30:30]} Qa5 {[%clk 1:30:30]} 19. Kf1 {[%clk 1:30:30]} Qf5 {[%clk 1:30:30]} 20.
Kg1 {[%clk 1:30:30]} O-O-O {[%clk 1:30:30]} 21. Nc3 {[%clk 1:30:30]} Bg7 {[%clk
1:30:30]} 22. Ncxe4 {[%clk 1:30:30]} Rh8 {[%clk 1:30:30]} 23. Ng3 {[%clk
1:30:30]} Qh7 {[%clk 1:30:30]} 24. Rc1 {[%clk 1:30:30]} Kb8 {[%clk 1:30:30]} 25.
Nf3 {[%clk 1:30:30]} Qh6 {[%clk 1:30:30]} 26. Qc2 {[%clk 1:30:30]} a6 {[%clk
1:30:30]} 27. Kf1 {[%clk 1:30:30]} e6 {[%clk 1:30:30]} 28. Qc5 {[%clk 1:30:30]}
Bf6 {[%clk 1:30:30]} 29. Qd6+ {[%clk 1:30:30]} Ka8 {[%clk 1:30:30]} 30. Ke2
{[%clk 1:30:30]} Rd8 {[%clk 1:30:30]} 31. Qc7 {[%clk 1:30:30]} Qf8 {[%clk
1:30:30]} 32. Kf1 {[%clk 1:30:30]} Rc8 {[%clk 1:30:30]} 33. Qf4 {[%clk 1:30:30]}
Be7 {[%clk 1:30:30]} 34. e4 {[%clk 1:30:30]} Ba3 {[%clk 1:30:30]} 35. Rc2 {[%clk
1:30:30]} Nb4 {[%clk 1:30:30]} 36. Rc4 {[%clk 1:30:30]} Nxa2 {[%clk 1:30:30]} 37.
Ne5 {[%clk 1:30:30]} Bd6 {[%clk 1:30:30]} 38. Qd2 {[%clk 1:30:30]} Nb4 {[%clk
1:30:30]} 39. Nd7 {[%clk 1:30:30]} 1-0